000
00264 a2200121 4500
999
_c
12012
_d
12012
008
240111b ||||| |||| 00| 0 eng d
020
_a
9788972129842
082
_a
720
100
_a
A & C
245
_a
Architecture Details vol2
260
_b
A & C
942
_2
ddc